Londres (Record no. 110103)

MARC details
000 -LÍDER
campo de controle de tamanho fixo 00593 a2200229 4500
001 - NÚMERO DE CONTROLE
campo de controle 110103
020 ## - ISBN - INTERNATIONAL STANDARD BOOK NUMBER
ISBN - International Standard Book Number 9788525050809
041 ## - CÓDIGO DE IDIOMA
Código do idioma do texto/trilha sonora ou título diferente por
082 ## - CDD - CLASSIFICAÇÃO DECIMAL DE DEWEY
Número de Classificação P Year 5 028
040 ## - FONTE DA CATALOGAÇÃO
Instituição da catalogação original BR-BrIDEA
Instituição que transcreveu o registro BR-BrIDEA
090 ## - NÚMERO DE CHAMADA LOCAL
Número de chamada (OCLC) (R); Número de chamada, CALL (RLIN) (NR) P Year 5 028
Número Cutter local (OCLC); Número de classificação do livro, CALL (RLIN) LAM
100 ## - ENTRADA PRINCIPAL--NOME PESSOAL
Nome pessoal Lamprell, Klay.
250 ## - EDIÇÃO
Edição . ed.
245 10 - TÍTULO
Título Londres
Restante do título tudo que você sempre quis saber
Indicação de responsabilidade, etc. Klay Lamprell
260 ## - PUBLICAÇÃO, DISTRIBUIÇÃO, ETC.
Local de publicação, distribuição, etc. São Paulo
Nome do editor, distribuidor, etc. Globo
Data da publicação, distribuição, etc. 2012
490 ## - TÍTULO DA SÉRIE
Título da série Proibido para adultos
697 ## - ENTRADA DE ASSUNTO LOCAL--ENTIDADE COLETIVA (RLIN)
Nome corporativo ou nome da jurisdição Londres.
697 ## - ENTRADA DE ASSUNTO LOCAL--ENTIDADE COLETIVA (RLIN)
Nome corporativo ou nome da jurisdição Literatura infantojuvenil.
830 ## - ENTRADA SECUNDÁRIA DE SÉRIE--TÍTULO UNIFORME
Título uniforme Proibido para adultos
856 ## - LOCALIZAÇÃO ELETRÔNICA E ACESSO
Uniform Resource Identifier <a href="000018/00001862.jpg">000018/00001862.jpg</a>
942 ## - ELEMENTOS DE ENTRADA ADICIONADOS (KOHA)
Tipo de material Koha Livros
Holdings
Situação do descarte Situação das perdas Fonte da classificação ou esquema de arquivamento na estante Situação física Não pode ser emprestado Biblioteca de origem Biblioteca atual Data de aquisição Total de empréstimos Número de chamada completo Código de barras Devolução em Data de último acesso Data do último empréstimo Data do preço efetivo Tipo de material Koha
          Canadian School of Niterói - Piratininga Canadian School of Niterói - Piratininga 09/02/2024   LAM A1100R   09/02/2024   09/02/2024 Livros
          Canadian School of Niterói - Piratininga Canadian School of Niterói - Piratininga 09/02/2024 1 LAM A1100S 18/07/2024 11/07/2024 11/07/2024 09/02/2024 Livros
    Classificação Decimal de Dewey     ECB - SUDOESTE ECB - SUDOESTE 25/02/2016 1 P Year 5 028 00019783SSW 12/06/2024 05/06/2024 05/06/2024 23/01/2024 Livros
    Classificação Decimal de Dewey     ECB - SUDOESTE ECB - SUDOESTE 25/02/2016   P Year 5 028 00019785SSW   23/01/2024   23/01/2024 Livros
    Classificação Decimal de Dewey     ECB - SUDOESTE ECB - SUDOESTE 25/02/2016   P Year 5 028 00019782SSW   23/01/2024   23/01/2024 Livros
    Classificação Decimal de Dewey     ECB - SUDOESTE ECB - SUDOESTE 25/02/2016   P Year 5 028 00019784SSW   23/01/2024   23/01/2024 Livros
    Classificação Decimal de Dewey     ECB - SUDOESTE ECB - SUDOESTE 05/12/2018   P Year 5 028 00039392SSW   23/01/2024   23/01/2024 Livros
    Classificação Decimal de Dewey     ECB - SUDOESTE ECB - SUDOESTE 05/12/2018   P Year 5 028 00039389SSW   23/01/2024   23/01/2024 Livros
    Classificação Decimal de Dewey     ECB - ÁGUAS CLARAS ECB - ÁGUAS CLARAS 25/02/2016 2 AP Year 5 028 LAM 00019786AGC   07/06/2024 24/05/2024 23/01/2024 Livros
    Classificação Decimal de Dewey     ECB - ÁGUAS CLARAS ECB - ÁGUAS CLARAS 05/12/2018   AP Year 5 028 LAM 00039391AGC   23/01/2024   23/01/2024 Livros
    Classificação Decimal de Dewey     ECB - ÁGUAS CLARAS ECB - ÁGUAS CLARAS 05/12/2018   AP Year 5 028 LAM 00039390AGC   23/01/2024   23/01/2024 Livros
    Classificação Decimal de Dewey     ECB - ÁGUAS CLARAS ECB - ÁGUAS CLARAS 05/12/2018 5 AP Year 5 028 LAM 00039393AGC   17/06/2024 17/06/2024 23/01/2024 Livros